Online katalóg knižníc regiónu Turca

Moskva (Record no. 20343)

MARC details
000 -LEADER
fixed length control field 01682cam a2200421 a 4500
001 - CONTROL NUMBER
control field 20343
003 - CONTROL NUMBER IDENTIFIER
control field VRT
005 - DATE AND TIME OF LATEST TRANSACTION
control field 20260121131607.0
008 - FIXED-LENGTH DATA ELEMENTS--GENERAL INFORMATION
fixed length control field 240318s1976 ru bo gr 000 0 slo
020 ## - INTERNATIONAL STANDARD BOOK NUMBER
Qualifying information (brož.)
039 #9 - LEVEL OF BIBLIOGRAPHIC CONTROL AND CODING DETAIL [OBSOLETE]
Level of rules in bibliographic description 202510300919
Level of effort used to assign nonsubject heading access points msnk160
Level of effort used to assign subject headings 202510300917
Level of effort used to assign classification msnk160
Level of effort used to assign subject headings 202510300916
Level of effort used to assign classification msnk160
Level of effort used to assign subject headings 202510300915
Level of effort used to assign classification msnk160
040 ## - CATALOGING SOURCE
Original cataloging agency SNK
Language of cataloging slo
Transcribing agency SNK
Description conventions AACR2
041 1# - LANGUAGE CODE
Language code of text/sound track or separate title slo
Language code of original rus
043 ## - GEOGRAPHIC AREA CODE
Geographic area code e-ru---
044 ## - COUNTRY OF PUBLISHING/PRODUCING ENTITY CODE
MARC country code ru
ISO country code RU
072 #7 - SUBJECT CATEGORY CODE
Subject category code 913(4)
Subject category code subdivision Geografia Európy, reálie, cestovanie
Source konspekt
080 ## - UNIVERSAL DECIMAL CLASSIFICATION NUMBER
Universal Decimal Classification number 908.470
Edition identifier 1981
080 ## - UNIVERSAL DECIMAL CLASSIFICATION NUMBER
Universal Decimal Classification number 711.432
Edition identifier 2011
080 ## - UNIVERSAL DECIMAL CLASSIFICATION NUMBER
Universal Decimal Classification number (470)
Edition identifier 2011
080 ## - UNIVERSAL DECIMAL CLASSIFICATION NUMBER
Universal Decimal Classification number (036)913
Edition identifier 2011
100 1# - MAIN ENTRY--PERSONAL NAME
Personal name Černov, Vladimir Timofejevič
Relationship aut
240 10 - UNIFORM TITLE
Uniform title Kratkij putevoditeľ
Language of a work Slovensky
245 10 - TITLE STATEMENT
Title Moskva
Remainder of title stručný sprievodca
Statement of responsibility, etc. Vladimír Černov ; [z ruštiny preložila M. Ižoldová]
260 ## - PUBLICATION, DISTRIBUTION, ETC.
Place of publication, distribution, etc. Moskva
Name of publisher, distributor, etc. Progress
Date of publication, distribution, etc. 1976
300 ## - PHYSICAL DESCRIPTION
Extent 221 s.
Other physical details fotogr., mapy
Dimensions 21 cm
Accompanying material 1 voľná príloha
650 07 - SUBJECT ADDED ENTRY--TOPICAL TERM
Topical term or geographic name entry element hlavné mestá
Source of heading or term SNKPH
651 #7 - SUBJECT ADDED ENTRY--GEOGRAPHIC NAME
Geographic name Moskva (Rusko)
Source of heading or term SNKPHgeo
655 #7 - INDEX TERM--GENRE/FORM
Genre/form data or focus term turistickí sprievodcovia (publikácie)
Source of term SNKPH
700 1# - ADDED ENTRY--PERSONAL NAME
Personal name Ižoldová, M.
Relationship trl
942 ## - ADDED ENTRY ELEMENTS (KOHA)
Source of classification or shelving scheme Dewey Decimal Classification
Koha item type Odborná literatúra pre dospelých
Suppress in OPAC No
949 ## - LOCAL PROCESSING INFORMATION (OCLC)
6 270001000240465
a svkbbA 12417
b svkbbm 331105
949 ## - LOCAL PROCESSING INFORMATION (OCLC)
6 17A1076011
a snkSC 41265 D1
b snkZK 171/77
o príloha:1 ks mapa
p príloha:1 ks mapa
q príloha:1 ks mapa
r príloha:1 ks mapa
949 ## - LOCAL PROCESSING INFORMATION (OCLC)
6 17A1076010
9 príloha
a snkSC 41265 D1
b snkZK 171/77
949 ## - LOCAL PROCESSING INFORMATION (OCLC)
6 17A1075950
a snkSC 41265 D2
b snkK 2131/77
o príloha: 1ks mapa
p príloha: 1ks mapa
q príloha: 1ks mapa
r príloha: 1ks mapa
949 ## - LOCAL PROCESSING INFORMATION (OCLC)
6 17A1076012
9 príloha
a snkSC 41265 D2
b snkK 2131/77
Holdings
Stav vyradenia Strata Poškodenie Spôsob nadobudnutia Domovská knižnica Aktuálna knižnica Dátum nadobudnutia Total checkouts Čiarový kód exemplára Date last seen Typ exemplára
      Dar Obecná knižnica Horná Štubňa Obecná knižnica Horná Štubňa 21.01.2026   4736200370 21.01.2026 Odborná literatúra pre dospelých
Projekt je podporený Slovenskou asociáciou knižníc
Prevádzkuje Turčianska knižnica Martin 2026